Luật giao thông đường bộ
Đã lưu trong:
| 企業作者: | |
|---|---|
| 格式: | 圖書 |
| 語言: | Vietnamese |
| 出版: |
Hà Nội
Chính trị- Quốc gia
2010
|
| 主題: | |
| 標簽: |
添加標簽
沒有標簽, 成為第一個標記此記錄!
|
| Thư viện lưu trữ: | Trung tâm Học liệu Lê Vũ Hùng, Trường Đại học Đồng Tháp |
|---|
| LEADER | 00777aam a22002538a 4500 | ||
|---|---|---|---|
| 001 | 00028840 | ||
| 005 | 20171026081023.0 | ||
| 008 | 120404s2010 ||||||viesd | ||
| 041 | 0 | # | |a vie |
| 082 | 1 | 4 | |a 343.957 09 |b L504GI |
| 110 | 1 | # | |a Việt Nam (CHXHCN). |
| 245 | 1 | 0 | |a Luật giao thông đường bộ |
| 260 | # | # | |a Hà Nội |b Chính trị- Quốc gia |c 2010 |
| 300 | # | # | |c 19cm. |a 222 tr. |
| 546 | # | # | |a Song ngữ Kinh-Khmer |
| 653 | # | # | |a Việt - Khmer |
| 653 | # | # | |a đường bộ |
| 653 | # | # | |a giao thông |
| 653 | # | # | |a Việt Nam |
| 653 | # | # | |a Văn bản luật |
| 852 | # | # | |j KD.0013365 |
| 852 | # | # | |b Kho đọc |j KD.0013365 |
| 910 | |d 04/04/2012 | ||
| 980 | # | # | |a Trung tâm Học liệu Lê Vũ Hùng, Trường Đại học Đồng Tháp |